Códigos artísticos y desarrollo de la expresión en la competencia cultural artística (Record no. 69856)

MARC details
000 -LEADER
campo de control de longitud fija 00952nmm a2200265Ia 4500
008 - DATOS DE LONGITUD FIJA--INFORMACIÓN GENERAL
campo de control de longitud fija 251105s9999||||xx |||||||||||||||||und||
020 ## - NÚMERO INTERNACIONAL ESTÁNDAR DEL LIBRO
Número Internacional Estándar del Libro 9788436949339
041 ## - CÓDIGO DE IDIOMA
Código de lengua del texto/banda sonora o título independiente spa
100 ## - ENTRADA PRINCIPAL--NOMBRE DE PERSONA
Nombre de persona Pedrera Llosa, Sergio (coord.)
245 #0 - MENCIÓN DEL TÍTULO
Título Códigos artísticos y desarrollo de la expresión en la competencia cultural artística
264 ## - PRODUCCIÓN, PUBLICACIÓN, DISTRIBUCIÓN, FABRICACIÓN Y COPYRIGHT
Producción, publicación, distribución, fabricación y copyright [Madrid, España] :
Nombre del de productor, editor, distribuidor, fabricante Ministerio de Educación, Cultura y Deporte de España,
Fecha de producción, publicación, distribución, fabricación o copyright 2012
300 ## - DESCRIPCIÓN FÍSICA
Extensión 288 páginas
490 ## - MENCIÓN DE SERIE
Mención de serie Aulas de verano (Serie Humanidades)
650 ## - PUNTO DE ACCESO ADICIONAL DE MATERIA--TÉRMINO DE MATERIA
Término de materia o nombre geográfico como elemento de entrada Arts in general
700 ## - ENTRADA AGREGADA--NOMBRE PERSONAL
Nombre de persona Pedrera Llosa, Sergio (coord.)
700 1# - ENTRADA AGREGADA--NOMBRE PERSONAL
Nombre de persona Alsina Masmitjà, Pep (ed.)
700 1# - ENTRADA AGREGADA--NOMBRE PERSONAL
Nombre de persona Álvarez García, Lucia
700 1# - ENTRADA AGREGADA--NOMBRE PERSONAL
Nombre de persona Doménech Villa, Ramón
700 1# - ENTRADA AGREGADA--NOMBRE PERSONAL
Nombre de persona La Banda Tejedor, Elena
700 1# - ENTRADA AGREGADA--NOMBRE PERSONAL
Nombre de persona Lara Padilla, Tíscar
700 1# - ENTRADA AGREGADA--NOMBRE PERSONAL
Nombre de persona Nuez García, Cristóbal Luis
700 1# - ENTRADA AGREGADA--NOMBRE PERSONAL
Nombre de persona Rodríguez Hernández, Marta
856 ## - LOCALIZACIÓN Y ACCESO ELECTRÓNICOS
Identificador Uniforme de Recursos <a href="https://public.digitaliapublishing.com/a/17799">https://public.digitaliapublishing.com/a/17799</a>
942 ## - ELEMENTOS DE ENTRADA SECUNDARIOS (KOHA)
Tipo de ítem Koha Libro Digital

No items available.

Powered by Koha